| 000 | 00783nam a2200265Ia 4500 | ||
|---|---|---|---|
| 003 | OSt | ||
| 005 | 20220916110925.0 | ||
| 006 | a|||||r|||| 00| 0 | ||
| 007 | ta | ||
| 008 | 220915b |||||||| |||| 00| 0 eng d | ||
| 020 | _a9780195672299 (hbk) | ||
| 024 | _a505 | ||
| 037 | _b427, 19/03/2008, Swaraj Prakashan | ||
| 037 | _cTextbook | ||
| 040 |
_beng _aARTS _cARTS |
||
| 041 | _aeng | ||
| 082 | _aYxNBE, P5 (TTY) | ||
| 100 | _aGupta Dipankar Ed. | ||
| 245 | 0 | _aAnti-Utopia : essential writings of andre beteille | |
| 260 |
_aNew Delhi _b Oxford University Press India |
||
| 300 |
_aviii, 494p. _ccm. |
||
| 650 | _aSociology | ||
| 942 |
_hYxNBE, P5 (TTY) _cTB _2CC |
||
| 999 |
_c101533 _d101533 |
||